| 000 | 01043nam a2200217Ia 4500 | ||
|---|---|---|---|
| 003 | Ost | ||
| 005 | 20260507075043.0 | ||
| 008 | 260507s9999||||xx |||||||||||||| ||und|| | ||
| 040 | _cfsecg | ||
| 041 | _aara | ||
| 082 | _a330 | ||
| 100 |
_aدبيان، السيد عبد المقصود _eمؤلف |
||
| 245 | 0 |
_aفي محاسبة التكاليف في مجال القياس / _c السيد عبد المقصود دبيان |
|
| 260 |
_aالاسكندرية: _bدار المعرفة الجامعية, _c2000 |
||
| 300 |
_a414 صفحة؛ _bإيضاحات ؛ _c24 سم |
||
| 520 | _aأنظمة قياس تكاليف الإنتاج والمخزون، قياس تكاليف الإنتاج في صناعة المراحل، خسائر التشغيل في عناصر التكاليف والمنتجات المتعددة والمتصلة والفرعية، أنظمة تكاليف العمليات والعقود طويلة الأجل | ||
| 653 | _aالتكاليف | ||
| 653 | _aالقياس | ||
| 653 | _aالمحاسبة | ||
| 942 | _cكتاب | ||
| 999 |
_c42533 _d42533 |
||